000 00677nam a22002417i 4500
999 _c8131
_d8131
003 URS
005 20220114153113.0
008 170517b xxu||||| |||| 00| 0 eng d
020 _a9710830554
040 _erda
_cURSP-College Library
_beng
050 _bAg3 1985
_aP90
082 _a001.51
_bAg3 1985
100 1 _aAgee, Warren K.
245 _aIntroduction to Mass Communications
_cWarren K. Agee
264 1 _aManila
_bNational Book Store,Inc.
_c1985.
300 _ax, 577pages
_c22cm.
336 _atext
_btxt
_2rdacontent
337 _aunmediated
_bn
_2rdamedia
338 _avolume
_bnc
_2rdacarrier
500 _aIncludes index
650 0 _aMass Media
942 _2lcc
_cF